Generator Puzzle #51D - For Kids - Statistics

General Stats
  • This quiz has been taken 188 times
    185 since last reset
  • The average score is 17 of 20
Answer Stats
Answer % Correct
what you breathe air
97%
what you do at meals eat
95%
what you hear with ear
94%
starts at your shoulder and ends at your hand arm
93%
male grown-up man
92%
small insect ant
90%
what you do on a chair sit
90%
10 ten
90%
solid, liquid, ___ gas
89%
how old you are age
88%
hot drink tea
88%
wipe your feet on this mat
86%
like a big mouse rat
85%
like walked, but faster ran
82%
precious stone gem
81%
male sheep ram
81%
bigger than a lake and smaller than an ocean sea
77%
used to catch fish net
73%
black sticky stuff tar
73%
drowned river valley ria
7%
No matching quizzes found
Score Distribution
Percent of People with Each Score
Percentile by Number Answered
Your Score History
You have not taken this quiz since the last reset